| 000 | 00814nam a2200229 i 4500 | ||
|---|---|---|---|
| 001 | 184214 | ||
| 003 | ES-MaACL | ||
| 005 | 20240125062637.0 | ||
| 008 | 150508s1970 sp ao |||| |bspa d | ||
| 080 | _a929 Tolstoï, Lev Nikolaevich | ||
| 100 | 1 |
_aGibelli, Vincenzo. _9156847 |
|
| 245 | 1 | 0 |
_aTolstoi / _ctexto de Vincenzo Gibelli; traducción y adaptación de Miguel Pérez Ferrero. |
| 260 |
_aMadrid : _bPrensa Española, _c[1970] |
||
| 300 |
_a75 p. : _bil. col. y n. ; _c29 cm. |
||
| 490 | 1 | _aGrandes de todos los tiempos | |
| 598 | _aPublicación mensual; nov. 1970. | ||
| 600 | 1 | 4 |
_aTolstói, Lev, _d1828-1910 _9110489 |
| 700 | 1 |
_aPérez Ferrero, Miguel, _d1905-1978 _990864 |
|
| 830 | 0 |
_aGrandes de todos los tiempos _9184021 |
|
| 852 |
_aES-MaACL _jE-15614 _z. - enc. cart. |
||
| 999 |
_c184214 _d184214 |
||